Countries thath Bordered Hungary Before 1991 - Statistics

General Stats
  • This quiz has been taken 286 times
  • The average score is 5 of 5
Answer Stats
Country % Correct
Austria
97%
Romania
94%
Yugoslavia
92%
Soviet Union
91%
Czechoslovakia
83%
No matching quizzes found
Score Distribution
Percent of People with Each Score
Percentile by Number Answered
Your Score History
You have not taken this quiz